000 00349nam a22001217a 4500
082 _a030
_bBUR/N-24
100 _aBURTON, MAURICE
100 _aBURTON,ROBERT
245 _aTHE NEW FUNK & WAGNALLS ILLUSTRATED WILDLIFE ENCYCLOPEDIA: VOL 24 WIL-ZOR &INDEX
260 _aAMERICA
_bBPC PUBLISHING LIMITED
650 _aENCYCLOPEDIA
_zAMERICA
942 _cBK
999 _c1970
_d1970